Music Quiz

Random Music Quiz

VMA Best Alternative Video Nominees Quiz Stats

Quiz not verified by Sporcle

Challenge
Share
Tweet
Embed
Score 0/44 Timer 07:00
0 Plays Today
Year Artist % Correct
1992NIRVANA
99.2%
1993NIRVANA
99.2%
1994NIRVANA
99.2%
1989**R.E.M.
98%
1991R.E.M.
98%
1994Green Day
96%
1998GREEN DAY
96%
1995WEEZER
95.5%
1994Beck
94.3%
1997Beck
94.3%
1990**Red Hot Chili Peppers
92.7%
1992Red Hot Chili Peppers
92.7%
1994The Smashing Pumpkins
91.1%
1996THE SMASHING PUMPKINS
91.1%
1998The Verve
91.1%
1998Radiohead
89.9%
1995The Cranberries
88.7%
1997Blur
87.4%
1990**SINÉAD O'CONNOR
85.8%
1996Foo Fighters
85%
1997Foo Fighters
85%
1990**Depeche Mode
84.2%
Year Artist % Correct
1992Pearl Jam
84.2%
1993Stone Temple Pilots
83.8%
1995Stone Temple Pilots
83.8%
1996Bush
82.2%
1991JANE'S ADDICTION
77.3%
19934 Non Blondes
73.3%
1997SUBLIME
73.3%
1995Hole
72.1%
1996Everclear
64.8%
1997Nine Inch Nails
59.1%
1991Jesus Jones
58.7%
1998Ben Folds Five
58.7%
1990**Tears for Fears
55.9%
1998Garbage
52.2%
1993Porno for Pyros
46.6%
1993Belly
46.2%
1989**The Cure
42.9%
1989**Love and Rockets
36.4%
1989**The Escape Club
34.4%
1989**Siouxsie and the Banshees
29.1%
1992The Soup Dragons
22.7%
1991The Replacements
11.7%

You're not logged in!

Compare scores with friends on all Sporcle quizzes.
Sign Up with Email
OR
Log In

You Might Also Like...

Show Comments

Extras

Top Quizzes Today


Score Distribution

Your Account Isn't Verified!

In order to create a playlist on Sporcle, you need to verify the email address you used during registration. Go to your Sporcle Settings to finish the process.

Report this User

Report this user for behavior that violates our Community Guidelines.

Details: